| 000 | 00676 a2200193 4500 | ||
|---|---|---|---|
| 001 | 134659 | ||
| 003 | OSt | ||
| 005 | 20210928120248.0 | ||
| 008 | |||
| 020 | _a9789350004647 | ||
| 082 |
_a891.431009 _bR21K |
||
| 100 | 1 | _aराय, सरिता | |
| 245 | 1 |
_aकबीर एवं तुलसी की सामाजिक दृष्टि का तुलनात्मक अध्ययन _cby सरिता राय |
|
| 250 | _a2nd ed. | ||
| 260 |
_aनई दिल्ली _bवाणी प्रकाशन _c2009 |
||
| 300 | _a80p. | ||
| 690 | _aMarxist criticism; Communism and literature | ||
| 942 |
_cBK _2ddc |
||
| 999 |
_c8239 _d8239 |
||